[Event "C.to Provinciale MI"]
[Site "Milano ITA"]
[Date "2013.01.27"]
[Round "5"]
[White "Motola, Jacopo"]
[Black "Petrone, Gianmario"]
[WhiteElo "2003"]
[BlackElo "1963"]
[Result "1/2-1/2"]
[PlyCount "50"]
[EventDate "2013.01.24"]

1. e4 c5 2. Nf3 d6 3. d4 cxd4 4. Qxd4 Nc6 5. Bb5 Bd7 6. Bxc6 Bxc6 7. Nc3 Nf6 8.
Bg5 e6 9. O-O-O Be7 10. Rhe1 O-O 11. e5 Nd5 12. Bxe7 Qxe7 13. Ne4 dxe5 14. Nxe5
Rfd8 15. Nxc6 bxc6 16. Qc5 Qxc5 17. Nxc5 Nb6 18. Na6 Rac8 19. Re4 Rxd1+ 20.
Kxd1 Rd8+ 21. Ke2 Kf8 22. a4 Rd5 23. Nb4 Rc5 24. Kd3 Nxa4 25. b3 Nb6 1/2-1/2

[Event "C.to Provinciale MI"]
[Site "Milano ITA"]
[Date "2013.01.27"]
[Round "5"]
[White "Cerioni, Armando"]
[Black "Carito, Riccardo"]
[WhiteElo "1991"]
[BlackElo "1702"]
[Result "1-0"]
[PlyCount "123"]
[EventDate "2013.01.24"]

1. d4 Nf6 2. Nf3 d5 3. e3 Bg4 4. h3 Bh5 5. c4 c6 6. Nc3 e6 7. g4 Bg6 8. Ne5
Nbd7 9. Nxg6 hxg6 10. Be2 Bb4 11. Qb3 Bxc3+ 12. bxc3 Rb8 13. f3 dxc4 14. Qxc4
Nb6 15. Qc5 Nfd7 16. Qd6 Qh4+ 17. Kd2 Qf2 18. Kd3 Nc4 19. Qh2 Qxh2 20. Rxh2
Ndb6 21. a4 Nd6 22. e4 f6 23. f4 Nd7 24. Ba3 Nf7 25. e5 g5 26. exf6 gxf6 27.
fxg5 fxg5 28. Re1 Nb6 29. Bd1 Kd7 30. c4 Rbe8 31. Rf1 Rh7 32. a5 Nc8 33. Kc3 e5
34. d5 cxd5 35. Ba4+ Kd8 36. Bxe8 d4+ 37. Kd3 Kxe8 38. Rfh1 b6 39. axb6 Nxb6
40. h4 Kd7 41. hxg5 Rxh2 42. Rxh2 Nxg5 43. Ra2 Ne6 44. Bb4 Nf4+ 45. Ke4 Nxc4
46. Rxa7+ Kc6 47. Ra1 d3 48. Rd1 Nb2 49. Rd2 Nc4 50. Rf2 d2 51. Bxd2 Nd6+ 52.
Kf3 Nd3 53. Rg2 e4+ 54. Ke3 Kd5 55. g5 Nf5+ 56. Ke2 Kd4 57. g6 Ng7 58. Bg5 Kd5
59. Kd2 Ne5 60. Bh6 Ne6 61. g7 Nxg7 62. Bxg7 1-0

[Event "C.to Provinciale MI"]
[Site "Milano ITA"]
[Date "2013.01.27"]
[Round "5"]
[White "Cetta, Andrea"]
[Black "Romagnoli, Thomas"]
[WhiteElo "1839"]
[BlackElo "1700"]
[Result "1-0"]
[PlyCount "57"]
[EventDate "2013.01.24"]

1. d4 d5 2. c4 e6 3. Nc3 Nf6 4. cxd5 exd5 5. Bg5 Nbd7 6. e3 Be7 7. Bd3 O-O 8.
Nge2 c6 9. Qc2 h6 10. Bh4 Re8 11. h3 Nf8 12. O-O-O b5 13. g4 Qb6 14. Rdg1 N6h7
15. Bxe7 Rxe7 16. h4 g6 17. Nf4 a5 18. g5 hxg5 19. hxg5 a4 20. Nxg6 fxg6 21.
Bxg6 Rg7 22. Bxh7+ Nxh7 23. Rxh7 Qa5 24. Rxg7+ Kxg7 25. Rh1 b4 26. Rh7+ Kf8 27.
Qg6 Be6 28. Qxe6 Ra7 29. Qc8+ 1-0

[Event "C.to Provinciale MI"]
[Site "Milano ITA"]
[Date "2013.01.27"]
[Round "5"]
[White "Podetti, Davide"]
[Black "Scovazzi, Tullio"]
[WhiteElo "1733"]
[BlackElo "1692"]
[Result "0-1"]
[PlyCount "130"]
[EventDate "2013.01.24"]

1. e4 e5 2. Nf3 Nc6 3. Bc4 Be7 4. Nc3 Nf6 5. O-O O-O 6. d3 d6 7. h3 Na5 8. Bb3
Nxb3 9. axb3 Be6 10. Nh2 d5 11. exd5 Nxd5 12. Nxd5 Bxd5 13. Ng4 f6 14. Ne3 a5
15. Qg4 Kh8 16. h4 Bc6 17. Nf5 Rf7 18. Nxe7 Rxe7 19. Re1 b6 20. Be3 Qd5 21. f3
Rae8 22. Bf2 Bd7 23. Qe4 Qf7 24. Qc4 Be6 25. Qc3 Bd5 26. Bg3 c5 27. Kf2 Re6 28.
Rad1 R8e7 29. Re3 Qe8 30. Rde1 Kg8 31. R1e2 Kf7 32. Ke1 Qa8 33. Kd2 Qa7 34. Ke1
b5 35. Kf2 b4 36. Qe1 a4 37. bxa4 Qxa4 38. b3 Qc6 39. Qh1 Qe8 40. Qh3 Ra6 41.
Qg4 Rae6 42. Qf5 g6 43. Qh3 f5 44. Bh2 f4 45. Re4 Bxe4 46. Rxe4 h5 47. g3 fxg3+
48. Qxg3 Qa8 49. Qg5 Qa1 50. Qh6 Ke8 51. Qh8+ Kd7 52. Qb8 Qc3 53. Qb5+ Kd8 54.
Qa5+ Ke8 55. Qa8+ Kf7 56. Rc4 Qd2+ 57. Kg3 Qe1+ 58. Kg2 Qe2+ 59. Kh3 Rf6 60.
Qd5+ Kg7 61. Bg3 Rxf3 62. Qe4 Qf2 63. Qxf3 Qxf3 64. Rxc5 Qh1+ 65. Bh2 Rf7 0-1

[Event "C.to Provinciale MI"]
[Site "Milano ITA"]
[Date "2013.01.27"]
[Round "5"]
[White "Valdettaro, Filippo"]
[Black "Marcangeli, Alessandro"]
[WhiteElo "1721"]
[BlackElo "1795"]
[Result "1/2-1/2"]
[PlyCount "133"]
[EventDate "2013.01.24"]

1. e4 d5 2. exd5 Nf6 3. d4 Nxd5 4. Nf3 Bg4 5. Be2 e6 6. O-O Be7 7. c3 c6 8.
Nbd2 Nf4 9. Nc4 Nxe2+ 10. Qxe2 Qd5 11. Nce5 Bxf3 12. Nxf3 Nd7 13. Bf4 O-O 14.
Rfe1 Qf5 15. Bg3 Bf6 16. Rad1 Nb6 17. Ne5 Rad8 18. Rd3 h6 19. Qd1 Nd7 20. Rf3
Qh7 21. Nc4 Be7 22. Nd6 Bxd6 23. Bxd6 Rfe8 24. Qb3 Nb6 25. Bg3 Rd7 26. Rfe3 Nd5
27. R3e2 Qd3 28. h3 b5 29. a3 a5 30. Qc2 Qxc2 31. Rxc2 Nb6 32. Rd2 Nc4 33. Rc2
a4 34. Rce2 Rd5 35. Bf4 Rc8 36. f3 c5 37. dxc5 Rcxc5 38. Be3 Nxe3 39. Rxe3 Rd2
40. R3e2 Rcd5 41. Kf2 g5 42. Ke3 R2d3+ 43. Kf2 Kg7 44. Re5 Rd2+ 45. R1e2 Rxe2+
46. Rxe2 e5 47. Rc2 f5 48. c4 Rc5 49. g4 Kf6 50. Ke3 Rxc4 51. Rd2 f4+ 52. Kd3
Rd4+ 53. Kc2 Rxd2+ 54. Kxd2 e4 55. fxe4 Ke5 56. Kd3 f3 57. Ke3 f2 58. Kxf2 Kxe4
59. Ke2 Kd4 60. Kd2 Kc4 61. Kc2 b4 62. Kd2 bxa3 63. bxa3 Kb3 64. Kd3 Kxa3 65.
Kc3 Ka2 66. Kc2 Ka1 67. Kc1 1/2-1/2

[Event "C.to Provinciale MI"]
[Site "Milano ITA"]
[Date "2013.01.27"]
[Round "5"]
[White "Boer, Stefan"]
[Black "Vece, Luigi"]
[WhiteElo "1903"]
[BlackElo "1681"]
[Result "1-0"]
[PlyCount "43"]
[EventDate "2013.01.24"]

1. d4 Nf6 2. Bf4 d5 3. e3 Bf5 4. c4 e6 5. Qb3 Nbd7 6. Nc3 dxc4 7. Bxc4 Nb6 8.
Be2 Bd6 9. Bg5 h6 10. Bh4 Be7 11. Rc1 Ne4 12. Bxe7 Qxe7 13. Nf3 O-O 14. O-O c6
15. Nxe4 Bxe4 16. a3 Bd5 17. Qc2 f5 18. Ne5 Qg5 19. Bf3 f4 20. e4 Rac8 21. exd5
cxd5 22. Qd2 1-0

[Event "C.to Provinciale MI"]
[Site "Milano ITA"]
[Date "2013.01.27"]
[Round "5"]
[White "Libutti, Michele"]
[Black "Mazzoccoli, Simone"]
[WhiteElo "1727"]
[BlackElo "1678"]
[Result "0-1"]
[PlyCount "84"]
[EventDate "2013.01.24"]

1. d4 Nf6 2. c4 g6 3. Nc3 Bg7 4. e4 d6 5. Nf3 O-O 6. Be2 c5 7. d5 e6 8. O-O
exd5 9. cxd5 Re8 10. Bd3 c4 11. Bc2 b5 12. Nxb5 Nxe4 13. Bxe4 Rxe4 14. Nc3 Re8
15. Be3 Ba6 16. Qd2 Nd7 17. Rac1 Nf6 18. Rfe1 Qb8 19. Bd4 Qb7 20. Qf4 Nxd5 21.
Qxd6 Bxd4 22. Nxd4 Nxc3 23. bxc3 Rad8 24. Rxe8+ Rxe8 25. Qc6 Qe7 26. Kf1 Bb7
27. Qxc4 Bxg2+ 28. Kxg2 Qg5+ 29. Kh3 Qxc1 30. Qc6 Qf1+ 31. Kg3 Qg1+ 32. Kf3
Qh1+ 33. Kf4 Qxc6 34. Nxc6 Re2 35. Nxa7 Rxf2+ 36. Ke4 Rxa2 37. Nb5 Rxh2 38. c4
f5+ 39. Kd5 f4 40. c5 Rh5+ 41. Kd6 Rxc5 42. Kxc5 f3 0-1

[Event "C.to Provinciale MI"]
[Site "Milano ITA"]
[Date "2013.01.27"]
[Round "5"]
[White "Aloe, Giancarlo"]
[Black "Colica, Daniele"]
[WhiteElo "1679"]
[BlackElo "1718"]
[Result "1-0"]
[PlyCount "77"]
[EventDate "2013.01.24"]

1. d4 Nf6 2. Nf3 b6 3. g3 Bb7 4. Bg2 e6 5. O-O Be7 6. c4 O-O 7. Nbd2 c5 8. e3
Nc6 9. b3 d5 10. Bb2 Qd7 11. Qc2 Nb4 12. Qc3 Bd6 13. Rfd1 cxd4 14. exd4 dxc4
15. Ne5 Bxe5 16. dxe5 Nfd5 17. Qxc4 Rac8 18. Qg4 Nd3 19. Ne4 f5 20. exf6 Nxb2
21. Rd2 Qf7 22. Rxb2 Nxf6 23. Qe2 Nxe4 24. Bxe4 Bxe4 25. Qxe4 Qf6 26. Qe2 Rc5
27. Re1 e5 28. Qe4 Rfc8 29. Rbe2 a5 30. Qg4 Rc2 31. Qe4 R2c5 32. Rf1 Rd8 33.
Rfe1 Rd4 34. Qa8+ Kf7 35. Re3 Rcd5 36. Kg2 Rd3 37. R1e2 Rxe3 38. Qxd5+ Kg6 39.
Rxe3 1-0

[Event "C.to Provinciale MI"]
[Site "Milano ITA"]
[Date "2013.01.27"]
[Round "5"]
[White "Ruggeri, Igor"]
[Black "Pollio, Ciro"]
[WhiteElo "1601"]
[BlackElo "1696"]
[Result "0-1"]
[PlyCount "88"]
[EventDate "2013.01.24"]

1. d4 d5 2. c4 e6 3. Nc3 Nf6 4. Bg5 Be7 5. Nf3 O-O 6. e3 h6 7. Bh4 b6 8. Bd3
Bb7 9. O-O Nbd7 10. Re1 c5 11. e4 cxd4 12. Nxd4 dxc4 13. Bxc4 Ne5 14. Bb3 Ng6
15. Bxf6 Bxf6 16. Nf3 Qxd1 17. Raxd1 Ne5 18. Nxe5 Bxe5 19. Rd7 Bc6 20. Rd3 Rfd8
21. Rdd1 Rxd1 22. Bxd1 Rd8 23. Bf3 Rd2 24. Rc1 Bxc3 25. Rxc3 Rxb2 26. g3 Bb5
27. Rb3 Rxb3 28. axb3 a5 29. Bd1 Kf8 30. f4 Ke7 31. e5 Kd7 32. Kf2 Kc6 33. Ke3
Kc5 34. Kd2 Kb4 35. Kc2 a4 36. bxa4 Bxa4+ 37. Kc1 Bxd1 38. Kxd1 Kc3 39. Kc1 Kd3
40. Kb2 Ke3 41. Kc3 Kf3 42. Kd4 Kg2 43. g4 Kxh2 44. f5 Kg3 0-1

[Event "C.to Provinciale MI"]
[Site "Milano ITA"]
[Date "2013.01.27"]
[Round "5"]
[White "Vignati, Andrea"]
[Black "Prevedello, Daniele"]
[WhiteElo "1560"]
[BlackElo "1527"]
[Result "0-1"]
[PlyCount "92"]
[EventDate "2013.01.24"]

1. e4 c5 2. Nf3 Nc6 3. Bb5 Qc7 4. Nc3 d6 5. d4 cxd4 6. Nxd4 Bd7 7. Nd5 Qc8 8.
Be3 g6 9. Nxc6 Bxc6 10. Qd3 Bg7 11. c3 a6 12. Bxc6+ Qxc6 13. O-O e6 14. Bd4 f6
15. Rfe1 Kf7 16. Nb4 Qd7 17. f4 Ne7 18. e5 dxe5 19. fxe5 f5 20. Bc5 Qxd3 21.
Nxd3 Rhd8 22. Bd6 Nc8 23. Rad1 Nxd6 24. exd6 Rxd6 25. Nc5 Rad8 26. Rxd6 Rxd6
27. Nxb7 Rb6 28. Nc5 Bf8 29. Nd3 Kf6 30. Kf2 Bd6 31. h3 e5 32. c4 Bb8 33. Nc5
Rxb2+ 34. Re2 Rxe2+ 35. Kxe2 Ke7 36. Nxa6 Ba7 37. c5 Kd7 38. a4 Kc6 39. Kd3
Bxc5 40. Kc4 Bd6 41. a5 Kb7 42. Nc5+ Bxc5 43. Kxc5 e4 44. Kd4 Ka6 45. g4 Kxa5
46. Ke3 Kb4 0-1

[Event "C.to Provinciale MI"]
[Site "Milano ITA"]
[Date "2013.01.27"]
[Round "5"]
[White "Cagnotto, Marco"]
[Black "Pipitone, Filippo Massimo"]
[WhiteElo "1434"]
[BlackElo "1560"]
[Result "1/2-1/2"]
[PlyCount "41"]
[EventDate "2013.01.24"]

1. e4 c5 2. Nc3 e6 3. g3 Nc6 4. Bg2 d6 5. Nge2 g6 6. O-O Bg7 7. d3 Nge7 8. Be3
O-O 9. Qd2 a6 10. Bh6 Rb8 11. Bxg7 Kxg7 12. Nd1 e5 13. Ne3 Be6 14. c3 f5 15.
exf5 Nxf5 16. Nxf5+ Bxf5 17. Be4 Bh3 18. Bg2 Bf5 19. Be4 Bh3 20. Bg2 Bf5 21.
Be4 1/2-1/2

[Event "C.to Provinciale MI"]
[Site "Milano ITA"]
[Date "2013.01.27"]
[Round "5"]
[White "Verderame, Alberto"]
[Black "Iacopini, Federico"]
[WhiteElo "1403"]
[BlackElo "1413"]
[Result "1-0"]
[PlyCount "37"]
[EventDate "2013.01.24"]

1. d4 Nf6 2. c3 g6 3. e3 Nc6 4. Bd3 d6 5. b3 e5 6. dxe5 Nxe5 7. Bc2 Bg7 8. Bb2
b6 9. Nd2 Bb7 10. Ngf3 Qe7 11. O-O h5 12. Nxe5 Qxe5 13. Nf3 Bxf3 14. Qxf3 Ng4
15. g3 h4 16. Qxa8+ Ke7 17. Qe4 hxg3 18. Qxe5+ Bxe5 19. hxg3 1-0

[Event "C.to Provinciale MI"]
[Site "Milano ITA"]
[Date "2013.01.27"]
[Round "5"]
[White "Ragoso, Mario"]
[Black "Calabrese, Maurizio"]
[WhiteElo "1642"]
[BlackElo "1518"]
[Result "1-0"]
[PlyCount "85"]
[EventDate "2013.01.24"]

1. e4 c5 2. c3 Nc6 3. d4 cxd4 4. cxd4 a6 5. Nf3 d6 6. Bd3 Bg4 7. Be3 Nf6 8. O-O
e6 9. Nc3 b5 10. a3 Be7 11. Rc1 O-O 12. Nxb5 Qb6 13. d5 Bxf3 14. Qxf3 Qb8 15.
Rxc6 axb5 16. Rb6 Qd8 17. Bxb5 Nd7 18. Bxd7 Qxd7 19. Rc1 Bf6 20. Qe2 Rfe8 21.
Rcc6 exd5 22. exd5 Be5 23. Qb5 Qg4 24. Rc1 Rac8 25. Rxc8 Rxc8 26. g3 Qd1+ 27.
Kg2 h5 28. Rb8 Qc2 29. Rxc8+ Qxc8 30. Qe2 Qf5 31. b4 g6 32. b5 Qe4+ 33. Qf3 Qa4
34. b6 Qa6 35. Qd1 Qb7 36. a4 g5 37. Qd3 f5 38. a5 f4 39. a6 Qc8 40. b7 f3+ 41.
Kxf3 Qg4+ 42. Kg2 Kg7 43. b8=Q 1-0

[Event "C.to Provinciale MI"]
[Site "Milano ITA"]
[Date "2013.01.27"]
[Round "5"]
[White "Madaschi, Sergio"]
[Black "Marchesotti, Giovanni"]
[WhiteElo "1511"]
[BlackElo "1565"]
[Result "1/2-1/2"]
[PlyCount "49"]
[EventDate "2013.01.24"]

1. d4 Nf6 2. c4 e6 3. Nf3 b6 4. g3 Bb7 5. Bg2 Bb4+ 6. Bd2 Bxd2+ 7. Qxd2 Qe7 8.
Nc3 d6 9. O-O O-O 10. Rfe1 Ne4 11. Qc2 Nxc3 12. Qxc3 f5 13. Rad1 Nd7 14. e3 Nf6
15. Qc2 g6 16. a3 Rfd8 17. Nd2 Bxg2 18. Kxg2 c5 19. Qd3 Rab8 20. Qe2 Qb7+ 21.
Kg1 Re8 22. b3 Rbd8 23. Qd3 e5 24. d5 e4 25. Qc3 1/2-1/2

[Event "C.to Provinciale MI"]
[Site "Milano ITA"]
[Date "2013.01.27"]
[Round "5"]
[White "Tramontano, Fulvio"]
[Black "Russo, Luca"]
[WhiteElo "1428"]
[BlackElo "1551"]
[Result "0-1"]
[PlyCount "46"]
[EventDate "2013.01.24"]

1. e4 d5 2. exd5 Qxd5 3. Nc3 Qa5 4. Nf3 c6 5. a3 Nf6 6. b4 Qc7 7. Bc4 Bg4 8.
O-O e6 9. d4 Bd6 10. g3 h5 11. Be2 Nbd7 12. Ng5 Bf5 13. Na4 Ng4 14. c4 Nxh2 15.
Re1 Ng4 16. f4 Ndf6 17. c5 Be7 18. Nf3 Nd5 19. Nh4 Bxh4 20. gxh4 Nxf4 21. Qb3
Nd3 22. Bxg4 Qg3+ 23. Kh1 Nf2# 0-1

[Event "C.to Provinciale MI"]
[Site "Milano ITA"]
[Date "2013.01.27"]
[Round "5"]
[White "Frignani, Alessandro"]
[Black "Carli, Federico"]
[WhiteElo "1327"]
[BlackElo "1437"]
[Result "1-0"]
[PlyCount "67"]
[EventDate "2013.01.24"]

1. e4 e5 2. Bc4 Nc6 3. Qf3 Nf6 4. Ne2 Bc5 5. Qb3 Qe7 6. f3 d6 7. a4 Bd7 8. Qxb7
O-O 9. Qb3 Na5 10. Qc3 Nxc4 11. Qxc4 Be6 12. Qc3 Rab8 13. b3 Bb6 14. Ba3 c5 15.
Qd3 Rfd8 16. c4 Ba5 17. O-O Rb6 18. Ra2 Rdb8 19. Rb2 R6b7 20. Qc2 Nh5 21. Nbc3
Qg5 22. Rfb1 Bh3 23. g3 Nf4 24. Nxf4 exf4 25. Ne2 fxg3 26. hxg3 Re8 27. Qd3 Re6
28. Qe3 Qh5 29. Nf4 Qh6 30. Nxe6 Qxe6 31. Kh2 h5 32. Qf4 Re7 33. d3 Bc7 34. Qh4
1-0

[Event "C.to Provinciale MI"]
[Site "Milano ITA"]
[Date "2013.01.27"]
[Round "5"]
[White "Campa, Livio"]
[Black "Colombo, Abner"]
[WhiteElo "1440"]
[BlackElo "1356"]
[Result "0-1"]
[PlyCount "32"]
[EventDate "2013.01.24"]

1. c4 Nf6 2. Nc3 e5 3. Nf3 Nc6 4. e4 Bc5 5. Be2 d6 6. O-O O-O 7. d3 h6 8. Re1
Ng4 9. Rf1 f5 10. b3 Nd4 11. Bb2 Nxf3+ 12. Bxf3 Qg5 13. Nd5 c6 14. Bc1 f4 15.
Nc7 Rb8 16. Ne6 Bxe6 0-1

[Event "C.to Provinciale MI"]
[Site "Milano ITA"]
[Date "2013.01.27"]
[Round "6"]
[White "Pelizzola, Danilo"]
[Black "Vezzosi, Paolo"]
[WhiteElo "2084"]
[BlackElo "2303"]
[Result "0-1"]
[PlyCount "80"]
[EventDate "2013.01.24"]

1. e4 e6 2. d4 d5 3. exd5 exd5 4. Bd3 Nc6 5. Nf3 Nb4 6. Be2 Bf5 7. Na3 Nf6 8.
Be3 Be7 9. Ne5 O-O 10. O-O Ne4 11. f3 Nd6 12. Qd2 a5 13. c3 Na6 14. g4 Be6 15.
Kh1 c6 16. Rg1 f6 17. Nd3 b5 18. Nf4 Bf7 19. b3 Re8 20. Nc2 Kh8 21. Bd3 Bf8 22.
Rg3 g5 23. Ng2 Bg6 24. h4 Nf7 25. Rh3 Kg7 26. Kg1 Bd6 27. Kf2 Rh8 28. Rah1 Qe7
29. hxg5 fxg5 30. Re1 Qf6 31. Kg1 Nc7 32. Rf1 Ne6 33. Nce1 Rae8 34. Rf2 h5 35.
gxh5 Rxh5 36. Rxh5 Bxh5 37. Rf1 Nf4 38. Nxf4 gxf4 39. Qh2 Qg5+ 40. Kh1 Rxe3 0-1

[Event "C.to Provinciale MI"]
[Site "Milano ITA"]
[Date "2013.01.27"]
[Round "6"]
[White "Mariano, Elia"]
[Black "Iudicello, Giovanni"]
[WhiteElo "2162"]
[BlackElo "2130"]
[Result "0-1"]
[PlyCount "68"]
[EventDate "2013.01.24"]

1. d4 Nf6 2. c4 g6 3. Nc3 Bg7 4. e4 d6 5. Be2 O-O 6. Nf3 e5 7. d5 a5 8. Bg5 h6
9. Bh4 Na6 10. Nd2 Bd7 11. O-O Qe8 12. b3 Nh7 13. a3 h5 14. f3 Bh6 15. Bf2 Qe7
16. Qc2 Qg5 17. Rfd1 Bh3 18. Bf1 h4 19. Kh1 Bd7 20. Rab1 f5 21. b4 axb4 22.
axb4 Nf6 23. c5 h3 24. Nc4 fxe4 25. Nxe4 Nxe4 26. fxe4 Qh5 27. Bg1 Bg4 28. Rd3
Nxb4 29. Rxb4 Rxf1 30. Rb1 Rxb1 31. Qxb1 hxg2+ 32. Kxg2 Rf8 33. Qb3 Be2 34. Rg3
Bf4 0-1

[Event "C.to Provinciale MI"]
[Site "Milano ITA"]
[Date "2013.01.27"]
[Round "6"]
[White "Scovazzi, Tullio"]
[Black "Motola, Jacopo"]
[WhiteElo "1692"]
[BlackElo "2003"]
[Result "0-1"]
[PlyCount "126"]
[EventDate "2013.01.24"]

1. e4 c5 2. d4 cxd4 3. c3 Nf6 4. e5 Nd5 5. cxd4 e6 6. Bc4 d6 7. Nf3 Nc6 8. O-O
Be7 9. Bd2 Qb6 10. Bxd5 exd5 11. exd6 Bxd6 12. Re1+ Ne7 13. Bc3 O-O 14. Nbd2
Ng6 15. Qb3 Qxb3 16. Nxb3 b6 17. g3 Ba6 18. Ne5 Rac8 19. Re3 f6 20. Nxg6 hxg6
21. Rae1 Kf7 22. Kg2 Rfe8 23. Na1 Rxe3 24. Rxe3 Re8 25. Nc2 Rxe3 26. Nxe3 Ke6
27. Kf3 f5 28. h3 Bd3 29. h4 a5 30. a4 Bb1 31. Bd2 Be7 32. Nd1 Bf6 33. Ke3 f4+
34. gxf4 Bxh4 35. b4 Bc2 36. Nb2 Bd8 37. bxa5 bxa5 38. Bc1 Kf5 39. Kd2 Bb1 40.
Kc3 Bc7 41. Nd3 Bxd3 42. Kxd3 Bxf4 43. Ba3 g5 44. Be7 Bc7 45. Ke3 g4 46. Bf8 g5
47. Be7 g3 48. fxg3 Bxg3 49. Bd8 Be1 50. Ke2 Bb4 51. Kf3 g4+ 52. Ke3 g3 53. Kf3
Be1 54. Bc7 Kg6 55. Bxg3 Bxg3 56. Kxg3 Kg5 57. Kf3 Kf5 58. Ke3 Kg4 59. Kd2 Kf4
60. Ke2 Ke4 61. Kd1 Kxd4 62. Kd2 Kc4 63. Kc2 Kb4 0-1

[Event "C.to Provinciale MI"]
[Site "Milano ITA"]
[Date "2013.01.27"]
[Round "6"]
[White "Cetta, Andrea"]
[Black "Cerioni, Armando"]
[WhiteElo "1839"]
[BlackElo "1991"]
[Result "0-1"]
[PlyCount "42"]
[EventDate "2013.01.24"]

1. c4 Nf6 2. d4 e6 3. Nc3 Bb4 4. f3 O-O 5. e4 d5 6. cxd5 exd5 7. e5 Nfd7 8. a3
Bxc3+ 9. bxc3 f6 10. f4 fxe5 11. dxe5 Nxe5 12. fxe5 Qh4+ 13. g3 Qe4+ 14. Qe2
Qxh1 15. Be3 Qe4 16. Bg2 Qxe5 17. Qd2 c6 18. O-O-O Na6 19. Nf3 Qe7 20. Ng5
Qxa3+ 21. Kb1 Bf5+ 0-1

[Event "C.to Provinciale MI"]
[Site "Milano ITA"]
[Date "2013.01.27"]
[Round "6"]
[White "Andreoni, Giuseppe"]
[Black "Valdettaro, Filippo"]
[WhiteElo "2121"]
[BlackElo "1721"]
[Result "1-0"]
[PlyCount "85"]
[EventDate "2013.01.24"]

1. e4 e6 2. d4 d5 3. Nc3 Nf6 4. Bg5 Be7 5. e5 Nfd7 6. h4 c5 7. Bxe7 Qxe7 8. f4
cxd4 9. Qxd4 Nc6 10. Qd2 f5 11. Nf3 a6 12. O-O-O Nc5 13. Bd3 Bd7 14. Bxf5 exf5
15. Nxd5 Qd8 16. Qe3 Qa5 17. e6 Bxe6 18. Ng5 O-O-O 19. Nxe6 Rde8 20. Qxc5 Rxe6
21. Nb6+ Kb8 22. Nd7+ Kc8 23. Qxa5 Nxa5 24. Ne5 Nc6 25. Nxc6 bxc6 26. Rhe1 Rhe8
27. Rxe6 Rxe6 28. Kd2 Kc7 29. g3 h5 30. Re1 Rd6+ 31. Kc3 g6 32. Re7+ Kb6 33.
Rg7 Kc5 34. b4+ Kb5 35. Rb7+ Ka4 36. Kc4 Rd2 37. c3 Ka3 38. Ra7 Kxa2 39. Rxa6+
Kb2 40. Rxc6 Rc2 41. Kd3 Kb3 42. b5 Rb2 43. Rxg6 1-0

[Event "C.to Provinciale MI"]
[Site "Milano ITA"]
[Date "2013.01.27"]
[Round "6"]
[White "Petrone, Gianmario"]
[Black "Aloe, Giancarlo"]
[WhiteElo "1963"]
[BlackElo "1679"]
[Result "1-0"]
[PlyCount "43"]
[EventDate "2013.01.24"]

1. e4 c5 2. Nf3 d6 3. d4 cxd4 4. Nxd4 Nf6 5. Nc3 a6 6. Bg5 e6 7. f4 Be7 8. Qf3
Qc7 9. O-O-O Nc6 10. g4 O-O 11. f5 Ne5 12. Qg3 Nexg4 13. Bh3 exf5 14. exf5 Ne5
15. Rhg1 Ne8 16. Bh6 Bf6 17. Nd5 Qd8 18. Nxf6+ Qxf6 19. Bg5 Nd3+ 20. Rxd3 Qe5
21. Qxe5 dxe5 22. Nb3 1-0

[Event "C.to Provinciale MI"]
[Site "Milano ITA"]
[Date "2013.01.27"]
[Round "6"]
[White "Prevedello, Daniele"]
[Black "Boer, Stefan"]
[WhiteElo "1527"]
[BlackElo "1903"]
[Result "1-0"]
[PlyCount "63"]
[EventDate "2013.01.24"]

1. c4 e6 2. Nc3 d5 3. cxd5 exd5 4. d4 Nf6 5. Bf4 c6 6. Nf3 Bf5 7. e3 Qb6 8. Qc1
Ne4 9. Be2 Nd7 10. O-O Bd6 11. Bxd6 Nxd6 12. Nh4 Bg6 13. Nxg6 hxg6 14. Rb1 Qd8
15. b4 b5 16. Rd1 Rc8 17. Rd2 Nf6 18. Rc2 Nfe4 19. Nxe4 Nxe4 20. Rxc6 Rxc6 21.
Qxc6+ Kf8 22. Bxb5 Rxh2 23. Rb2 Rh6 24. Qd7 Qxd7 25. Bxd7 Ke7 26. Bc6 Kd6 27.
Rc2 Rh8 28. Ba4 Rb8 29. Rc6+ Ke7 30. Rc7+ Kd8 31. Rxf7 Rxb4 32. Bb3 1-0

[Event "C.to Provinciale MI"]
[Site "Milano ITA"]
[Date "2013.01.27"]
[Round "6"]
[White "Miracola, Giorgia"]
[Black "Mazzoccoli, Simone"]
[WhiteElo "1874"]
[BlackElo "1678"]
[Result "1-0"]
[PlyCount "95"]
[EventDate "2013.01.24"]

1. Nf3 Nf6 2. g3 g6 3. Bg2 Bg7 4. O-O O-O 5. d4 d6 6. c4 Nbd7 7. Nc3 e5 8. dxe5
dxe5 9. h3 Qe7 10. Nb5 Nc5 11. Be3 a6 12. Nc3 Nce4 13. Nd5 Nxd5 14. cxd5 Nf6
15. Qb3 Rd8 16. Rfd1 e4 17. Nd2 Rxd5 18. Nxe4 Rxd1+ 19. Rxd1 Nxe4 20. Bxe4 c6
21. Bg2 Be6 22. Qb6 Bc4 23. Bc5 Qf6 24. Bd4 Qd8 25. Qxb7 Rb8 26. Qxc6 Bxd4 27.
e3 Bb5 28. Qf3 Qa5 29. Rxd4 Qxa2 30. Qf4 Rf8 31. b4 Qb1+ 32. Kh2 Bf1 33. Rd6
Bxg2 34. Kxg2 Qa2 35. Qf6 Qc4 36. Rd4 Qb5 37. h4 a5 38. bxa5 Qxa5 39. Qf3 Qa8
40. h5 Qxf3+ 41. Kxf3 Kg7 42. hxg6 fxg6+ 43. Ke2 Kf6 44. f4 Re8 45. Kf3 h5 46.
Rd6+ Kf5 47. e4+ Rxe4 48. Rd5+ 1-0

[Event "C.to Provinciale MI"]
[Site "Milano ITA"]
[Date "2013.01.27"]
[Round "6"]
[White "Marcangeli, Alessandro"]
[Black "Carito, Riccardo"]
[WhiteElo "1795"]
[BlackElo "1702"]
[Result "1/2-1/2"]
[PlyCount "143"]
[EventDate "2013.01.24"]

1. d4 Nf6 2. Nf3 g6 3. Bf4 d6 4. e3 Bg7 5. h3 O-O 6. c3 c5 7. Nbd2 cxd4 8. cxd4
Nc6 9. a3 Bd7 10. Be2 Qb6 11. b4 Nd5 12. Nc4 Qd8 13. Rc1 Nxf4 14. exf4 b5 15.
d5 Nxb4 16. axb4 bxc4 17. Bxc4 Rb8 18. O-O Rxb4 19. Nd4 Bxd4 20. Qxd4 Bb5 21.
Qd3 Bxc4 22. Rxc4 Rxc4 23. Qxc4 Qc8 24. Qa2 Qc7 25. Re1 a5 26. Qa4 Rc8 27. Ra1
Qc5 28. Qxa5 Qxa5 29. Rxa5 Rc5 30. Ra7 Kf8 31. Ra8+ Kg7 32. Re8 Kf6 33. g4 Rxd5
34. g5+ Ke6 35. Rh8 Rd4 36. Rxh7 Rxf4 37. Kg2 f6 38. Rg7 fxg5 39. Rxg6+ Kf5 40.
Rg8 e5 41. Kg3 d5 42. f3 d4 43. Rf8+ Ke6 44. Rg8 d3 45. Re8+ Kf6 46. Kf2 Rd4
47. Ke1 d2+ 48. Kd1 Rd5 49. Rc8 Kf5 50. Rf8+ Ke6 51. Rc8 Kf7 52. Rc2 Rd3 53.
Rxd2 Rxf3 54. Rh2 Rf4 55. Ke2 Kg6 56. Rg2 Kh5 57. Rg3 Kh4 58. Re3 e4 59. Ke1
Kh5 60. Ke2 Kg6 61. Rg3 Kf5 62. Ke3 Rh4 63. Kf2 Kf4 64. Kg2 e3 65. Rf3+ Ke4 66.
Rf7 Kd3 67. Rd7+ Rd4 68. Ra7 Kc2 69. Kf3 Rh4 70. Kxe3 Rxh3+ 71. Kf2 Rc3 72. Rg7
1/2-1/2

[Event "C.to Provinciale MI"]
[Site "Milano ITA"]
[Date "2013.01.27"]
[Round "6"]
[White "Romagnoli, Thomas"]
[Black "Podetti, Davide"]
[WhiteElo "1700"]
[BlackElo "1733"]
[Result "1/2-1/2"]
[PlyCount "89"]
[EventDate "2013.01.24"]

1. e4 e5 2. Nf3 Nc6 3. Bc4 Bc5 4. Nc3 Nf6 5. d3 d6 6. Be3 Bb6 7. Qd2 Be6 8. Bb3
Qd7 9. h3 h6 10. Bxb6 axb6 11. O-O g5 12. Nd5 Bxd5 13. Bxd5 Nxd5 14. exd5 Ne7
15. c4 g4 16. hxg4 Qxg4 17. Nh2 Qg6 18. b3 Rg8 19. f3 Nf5 20. Rae1 Nh4 21. Rf2
O-O-O 22. Kh1 Nf5 23. Kg1 Rg7 24. f4 f6 25. fxe5 fxe5 26. Ref1 Rf8 27. Nf3 Rgf7
28. Nh2 h5 29. Rf3 h4 30. R1f2 Nd4 31. Rxf7 Rxf7 32. Rxf7 Qxf7 33. Qf2 Qe7 34.
Nf3 Nf5 35. Nd2 Qg5 36. Ne4 Qg6 37. Kh2 Kd7 38. Qf3 Ke7 39. g3 hxg3+ 40. Nxg3
Nxg3 41. Qxg3 Qxg3+ 42. Kxg3 Kf6 43. Kf3 Kf5 44. b4 Kf6 45. Ke4 1/2-1/2

[Event "C.to Provinciale MI"]
[Site "Milano ITA"]
[Date "2013.01.27"]
[Round "6"]
[White "Libutti, Michele"]
[Black "Verderame, Alberto"]
[WhiteElo "1727"]
[BlackElo "1403"]
[Result "1-0"]
[PlyCount "93"]
[EventDate "2013.01.24"]

1. d4 d5 2. c4 c6 3. Nf3 Bf5 4. cxd5 cxd5 5. Qb3 b6 6. Nc3 Nf6 7. e3 e6 8. Bb5+
Nbd7 9. Bd2 a6 10. Be2 Bd6 11. O-O b5 12. a3 O-O 13. Rfc1 Qb8 14. Na2 Ng4 15.
h3 Nh2 16. Bb4 Nxf3+ 17. Bxf3 Bxb4 18. Nxb4 Rc8 19. Be2 Nb6 20. Qd1 Nc4 21. b3
Nd6 22. Rxc8+ Qxc8 23. Rc1 Qd8 24. Rc6 a5 25. Nd3 Be4 26. Ne5 Qg5 27. f3 Bf5
28. Rxd6 Bxh3 29. Bf1 Qxe3+ 30. Kh1 Bf5 31. Rc6 b4 32. g4 Bg6 33. a4 h5 34.
Nxg6 fxg6 35. Qd3 Qh6 36. Rxe6 hxg4+ 37. Kg2 Qh3+ 38. Kg1 Qg3+ 39. Bg2 Rf8 40.
Re3 gxf3 41. Rxf3 Qe1+ 42. Qf1 Qxf1+ 43. Kxf1 Rd8 44. Kf2 Rd6 45. Rf4 Rc6 46.
Bxd5+ Kh7 47. Rh4# 1-0